| 000 | 00624nam a2200181 i 4500 | ||
|---|---|---|---|
| 001 | 129075 | ||
| 003 | ES-MaACL | ||
| 007 | t| | ||
| 008 | 070605s1974 sp ||||1| spa d | ||
| 080 | _a351.713(45)"1971" | ||
| 100 | 1 |
_aTejerizo López, José Manuel. _9109599 |
|
| 245 | 1 | 3 |
_aLa reforma tributaria italiana (1971-1973) / _cJosé Manuel Tejerizo López ; estudio preliminar de Rafael Calvo. |
| 260 |
_a[Madrid] : _bInstituto de Estudios Fiscales, _c[1974] |
||
| 300 |
_a341 p. ; _c21 cm. |
||
| 650 | 1 | 4 |
_aDerecho fiscal- _zItalia. _911711 |
| 700 | 1 |
_aCalvo Ortega, Rafael. _933900 |
|
| 852 |
_aES-MaACL _jL-891 _bR.101541 |
||
| 999 |
_c129075 _d129075 |
||